000 00743nam a2200217 4500
008 170424b xxu||||| |||| 00| 0 eng d
020 _a0-19-828797-6 (Pbk)
082 _21993
_aDC 306
_bQ2
245 _aThe Quality of life/
_cedited by Martha Nussbaum and Amartya Sen.
260 _aNew York:
_bOxford University Press, Inc.,
_cc1993.
300 _axi, 453 pages;
_c23 cm.
500 _aIncludes index.
650 0 _920095
_aQuality of life
_xCongressses.
650 0 _920097
_aPublic welfare
_xCongresses
650 0 _920099
_aHuman services
_xCongresses
650 0 _920100
_aSocial values
_xCongresses
700 _920101
_aNussbaum, Martha
_eeditor.
700 _920102
_aSen, Amartya
_eeditor.
365 _b1,877.00
_cPhp
942 _2ddc
_cDC
999 _c6637
_d6637